Corporation finance : (Record no. 128443)

MARC details
000 -LEADER
fixed length control field 00758nam a22002297a 4500
005 - DATE AND TIME OF LATEST TRANSACTION
control field 20170124110039.0
010 ## - LIBRARY OF CONGRESS CONTROL NUMBER
LC control number A-334319
020 ## - INTERNATIONAL STANDARD BOOK NUMBER
Terms of availability 00.00
035 ## - SYSTEM CONTROL NUMBER
System control number A-334319
037 ## - SOURCE OF ACQUISITION
Source of stock number/acquisition Cen Lib/Ret
040 ## - CATALOGING SOURCE
Original cataloging agency DPL
Language of cataloging EN
082 ## - DEWEY DECIMAL CLASSIFICATION NUMBER
Classification number 332
Item number KUL
100 ## - MAIN ENTRY--PERSONAL NAME
Personal name Kulkarni, P.V.
9 (RLIN) 23423
245 ## - TITLE STATEMENT
Title Corporation finance :
Statement of responsibility, etc by P.V. Kulkarni
Remainder of title principles and problems /
260 ## - PUBLICATION, DISTRIBUTION, ETC. (IMPRINT)
Place of publication, distribution, etc New Delhi
Name of publisher, distributor, etc Himalaya Publishing House
Date of publication, distribution, etc 1987
270 ## - ADDRESS
Address Pooja Appartments, 4-B, Muarari Lal Street, Ansari Road, Daryaganj
City New Delhi
Postal code 110002
300 ## - PHYSICAL DESCRIPTION
Extent xvi,1518p.
Dimensions 22cm(Hb)
500 ## - GENERAL NOTE
General note Includes bibliographical references and index.
650 ## - SUBJECT ADDED ENTRY--TOPICAL TERM
Topical term or geographic name as entry element Corporations--Finance
9 (RLIN) 13731
650 ## - SUBJECT ADDED ENTRY--TOPICAL TERM
Topical term or geographic name as entry element Corporations
9 (RLIN) 23424
942 ## - ADDED ENTRY ELEMENTS (KOHA)
Source of classification or shelving scheme Dewey Decimal Classification
Koha item type English Books
Classification part 332
Call number suffix KUL
Holdings
Withdrawn status Lost status Damaged status Not for loan Home library Current library Date acquired Source of acquisition Cost, normal purchase price Total Checkouts Full call number Barcode Date last seen Copy number Cost, replacement price Price effective from Koha item type Public note
Written off       Central Library Central Library 02/07/2015 Cen Lib/Ret 0.00   332 KUL A-334319 02/07/2015 1 0.00 02/07/2015 English Books Written off on approval by DLB (By Circulation); dtd 15-06-2023

© Delhi Public Library
Hit Counter
free hit counter